[Event "Ïåðâåíñòâî Ìîñêâû"]
[Site "ÐœÐ¾Ñ�ÐºÐ²Ð°, ÐœÐ“Ð˜ÐœÐž Ð¿Ñ€."]
[Date "2018.11.19"]
[Round "3.8"]
[White "Áåçåíêèíà "]
[Black "Ïàíèíà "]
[Result "0-1"]
[WhiteElo "1311"]
[BlackElo "1354"]
[PlyCount "72"]
[EventDate "2018.11.18"]

1. e4 e5 2. Nf3 Nc6 3. Nc3 Nf6 4. d4 d6 5. dxe5 Nxe5 6. Nxe5 dxe5 7. Qxd8+ Kxd8
8. Bg5 Be6 9. O-O-O+ Bd6 10. Nb5 Ke7 11. Be2 a6 12. Nxd6 cxd6 13. a3 h6 14.
Bxf6+ gxf6 15. Rd2 Rac8 16. Rd3 Bc4 17. Re3 Bxe2 18. Rxe2 Rhg8 19. g3 Ke6 20.
Rd1 Rgd8 21. Re3 f5 22. f4 fxe4 23. Rxe4 f5 24. Rb4 b5 25. fxe5 dxe5 26. Rh4
Rxd1+ 27. Kxd1 Rh8 28. Ke2 e4 29. Ke3 h5 30. g4 fxg4 31. Kxe4 Kf6 32. Kf4 Kg6
33. h3 Rf8+ 34. Kg3 Rf3+ 35. Kg2 Kg5 36. hxg4 Kxh4 0-1

[Event "Ïåðâåíñòâî Ìîñêâû"]
[Site "ÐœÐ¾Ñ�ÐºÐ²Ð°, ÐœÐ“Ð˜ÐœÐž Ð¿Ñ€."]
[Date "2018.11.19"]
[Round "3.9"]
[White "Íóð-Ìóõàìåòîâà "]
[Black "Îáõîâà "]
[Result "1-0"]
[WhiteElo "2017"]
[BlackElo "1388"]
[PlyCount "57"]
[EventDate "2018.11.18"]

1. e4 e5 2. Nf3 Nc6 3. Bb5 d6 4. d4 exd4 5. Nxd4 Bd7 6. O-O Nf6 7. Nc3 a6 8.
Nxc6 bxc6 9. Bc4 Be6 10. Bb3 Be7 11. Bf4 Nd7 12. Bxe6 fxe6 13. Qh5+ g6 14. Qg4
Kf7 15. Rae1 e5 16. Bh6 Bf8 17. Be3 Bg7 18. f4 exf4 19. Bxf4 Nf6 20. Qe2 Qd7
21. Bg5 Rhe8 22. Qf3 Re6 23. e5 dxe5 24. Ne4 Qe7 25. Bxf6 Bxf6 26. Nxf6 Qxf6
27. Qc3 Rd8 28. Rxf6+ Rxf6 29. Qxe5 1-0

[Event "Ïåðâåíñòâî Ìîñêâû"]
[Site "ÐœÐ¾Ñ�ÐºÐ²Ð°, ÐœÐ“Ð˜ÐœÐž Ð¿Ñ€."]
[Date "2018.11.20"]
[Round "4.1"]
[White "Komarova, Viktoria"]
[Black "Efendieva, Alina"]
[Result "0-1"]
[WhiteElo "1424"]
[BlackElo "1787"]
[PlyCount "114"]
[EventDate "2018.11.18"]

1. d4 d5 2. c4 c6 3. cxd5 cxd5 4. Bf4 Nc6 5. e3 Nf6 6. Nc3 a6 7. Bd3 Bg4 8. f3
Bh5 9. Nge2 e6 10. O-O Be7 11. Bg3 O-O 12. Nf4 Bg6 13. Bxg6 hxg6 14. Nd3 Kh7
15. Ne5 Nh5 16. Nxc6 bxc6 17. Ne2 c5 18. Rc1 c4 19. Be1 Qb8 20. Rb1 Bd6 21. f4
Rh8 22. Rf3 Kg8 23. Rh3 Rh6 24. b3 cxb3 25. Rxb3 Qc7 26. Qc1 Qd7 27. Bb4 Nf6
28. Rxh6 gxh6 29. Bxd6 Qxd6 30. Nc3 Rc8 31. Qb2 Qc7 32. h3 g5 33. fxg5 hxg5 34.
Qf2 Kg7 35. Rb1 Qxc3 36. Rf1 Nh7 37. Qxf7+ Kh8 38. Qxe6 Qc6 39. Qe5+ Kg8 40. e4
dxe4 41. d5 Re8 42. Qf5 Qb6+ 43. Qf2 Qxf2+ 44. Rxf2 e3 45. Re2 Kf7 46. Kf1 Nf6
47. d6 Re6 48. g3 Ke8 49. h4 gxh4 50. gxh4 Nh5 51. Ke1 Nf4 52. Rh2 e2 53. Rh1
Nd3+ 54. Kd2 e1=Q+ 55. Rxe1 Nxe1 56. h5 Nf3+ 57. Kd3 Rxd6+ 0-1

[Event "Ïåðâåíñòâî Ìîñêâû"]
[Site "ÐœÐ¾Ñ�ÐºÐ²Ð°, ÐœÐ“Ð˜ÐœÐž Ð¿Ñ€."]
[Date "2018.11.20"]
[Round "4.2"]
[White "Zaitseva, Lyudmila"]
[Black "Khachatryan, Nadezhda"]
[Result "1-0"]
[WhiteElo "1981"]
[BlackElo "1706"]
[PlyCount "94"]
[EventDate "2018.11.18"]

1. Nf3 d5 2. g3 Nc6 3. d4 Bg4 4. Bg2 Qd7 5. O-O O-O-O 6. c3 f6 7. b4 e5 8. b5
Nce7 9. dxe5 Qxb5 10. a4 Qa6 11. Qd4 h5 12. h3 Bxf3 13. Bxf3 Nc6 14. Qd1 fxe5
15. Bxd5 Nf6 16. c4 h4 17. g4 Nb4 18. Qb3 Nfxd5 19. cxd5 Qxe2 20. Bg5 Rd7 21.
Nd2 Qd3 22. Qxd3 Nxd3 23. Nc4 Rxd5 24. Rad1 Bc5 25. Be3 Rf8 26. Rxd3 Rxd3 27.
Bxc5 Rf4 28. Nxe5 Rd5 29. Ng6 Rxg4+ 30. hxg4 Rxc5 31. Rd1 b6 32. Rd4 Rc1+ 33.
Kg2 c5 34. Rf4 c4 35. g5 a6 36. Nxh4 b5 37. Nf5 g6 38. Ne3 c3 39. axb5 axb5 40.
Rb4 c2 41. Kf3 Rg1 42. Nxc2 Rxg5 43. Nd4 Rd5 44. Ke4 Rh5 45. Rxb5 Rh4+ 46. f4
Kd7 47. Rg5 Rh6 {çàïèñü íå ÿñíà} 1-0

[Event "Ïåðâåíñòâî Ìîñêâû"]
[Site "ÐœÐ¾Ñ�ÐºÐ²Ð°, ÐœÐ“Ð˜ÐœÐž Ð¿Ñ€."]
[Date "2018.11.20"]
[Round "4.3"]
[White "Girshgorn, Maria"]
[Black "Khachatryan, Marieta"]
[Result "0-1"]
[WhiteElo "1949"]
[BlackElo "1845"]
[PlyCount "64"]
[EventDate "2018.11.18"]

1. d4 d5 2. Nf3 Nf6 3. g3 Bf5 4. Bg2 c6 5. O-O e6 6. c4 Nbd7 7. Nc3 dxc4 8. a4
a5 9. Re1 Bb4 10. h3 h6 11. Nd2 Nb6 12. e4 Bh7 13. Nf1 O-O 14. Bf4 Re8 15. Qe2
Rc8 16. Red1 Qe7 17. g4 Nfd7 18. Ne3 e5 19. dxe5 Nxe5 20. Nf5 Bxf5 21. gxf5 Nd3
22. Be3 Nd7 23. Kh1 Nf6 24. f3 Nh5 25. Qc2 Ng3+ 26. Kg1 Nxf5 27. Bb6 Bc5+ 28.
Bxc5 Qxc5+ 29. Kh2 Ne3 30. Qe2 Nf4 31. Qf2 Nfxg2 32. Rg1 Ng4+ 0-1

[Event "Ïåðâåíñòâî Ìîñêâû"]
[Site "ÐœÐ¾Ñ�ÐºÐ²Ð°, ÐœÐ“Ð˜ÐœÐž Ð¿Ñ€."]
[Date "2018.11.20"]
[Round "4.4"]
[White "Ilyina, Lada"]
[Black "Kokueva, Alisa"]
[Result "1-0"]
[WhiteElo "2036"]
[BlackElo "1717"]
[PlyCount "51"]
[EventDate "2018.11.18"]

1. e4 e5 2. Nf3 Nc6 3. Bb5 a6 4. Ba4 Nf6 5. d3 b5 6. Bb3 Bc5 7. O-O O-O 8. c3
d6 9. h3 h6 10. a4 Rb8 11. axb5 axb5 12. Re1 Re8 13. Bc2 Bb7 14. d4 Bb6 15. Na3
exd4 16. cxd4 Nb4 17. d5 Nxc2 18. Qxc2 b4 19. Nc4 c6 20. Bf4 b3 21. Qxb3 cxd5
22. Qb4 dxc4 23. Qxd6 Qxd6 24. Bxd6 Ra8 25. e5 Nd7 26. Rac1 {çàïèñü í å ÿñíà}
1-0

[Event "Ïåðâåíñòâî Ìîñêâû"]
[Site "ÐœÐ¾Ñ�ÐºÐ²Ð°, ÐœÐ“Ð˜ÐœÐž Ð¿Ñ€."]
[Date "2018.11.20"]
[Round "4.5"]
[White "Granovskaya, Ekaterina"]
[Black "Ivanova, Anastasia S"]
[Result "1-0"]
[WhiteElo "1759"]
[BlackElo "1696"]
[PlyCount "58"]
[EventDate "2018.11.18"]

1. e4 c5 2. Nf3 d6 3. d4 cxd4 4. Nxd4 Nf6 5. f3 e5 6. Nb3 Be6 7. c4 Nbd7 8. Be3
Rc8 9. Na3 Be7 10. Rc1 O-O 11. Be2 a6 12. O-O Nh5 13. Qd2 Nf4 14. Rfd1 f5 15.
Bxf4 exf4 16. Nd4 Qb6 17. Kh1 Rf6 18. Nxe6 Rxe6 19. c5 Rxc5 20. Bc4 Rxc4 21.
Nxc4 Qb5 22. a4 Qc5 23. b4 Qc7 24. Qd5 Nf8 25. exf5 b5 26. Na5 Qd7 27. fxe6
Qxe6 28. Qxe6+ Nxe6 29. axb5 axb5 1-0

[Event "\\\\Ïåðâåíñòâî Ìîñêâû"]
[Site "ÐœÐ¾Ñ�ÐºÐ²Ð°, ÐœÐ“Ð˜ÐœÐž Ð¿Ñ€."]
[Date "2018.11.20"]
[Round "4.6"]
[White "Strukova, Ksenia"]
[Black "Nur-Mukhametova, Alisa"]
[Result "1-0"]
[WhiteElo "2013"]
[BlackElo "2017"]
[PlyCount "71"]
[EventDate "2018.11.18"]

1. e4 e6 2. d4 d5 3. Nd2 Nf6 4. e5 Nfd7 5. f4 c5 6. c3 cxd4 7. cxd4 Nc6 8. Ndf3
Qb6 9. h4 Bb4+ 10. Kf2 f6 11. Be3 O-O 12. a3 Be7 13. b4 Qd8 14. Kg3 Nb6 15. Rc1
Nc4 16. Bxc4 dxc4 17. Rxc4 Qd5 18. Rc1 a5 19. Ne2 axb4 20. axb4 Nxb4 21. Nc3
Qd8 22. Qb3 Ra5 23. Ra1 fxe5 24. fxe5 Nd5 25. Nxd5 Rxd5 26. Rhc1 Qe8 27. Ra8
Rd8 28. Bg5 Bxg5 29. hxg5 Qf7 30. Qe3 Bd7 31. Rxd8 Rxd8 32. Rc7 Qg6 33. Nh4 Qh5
34. d5 exd5 35. e6 Bc6 36. Qe5 1-0

[Event "Ïåðâåíñòâî Ìîñêâû"]
[Site "ÐœÐ¾Ñ�ÐºÐ²Ð°, ÐœÐ“Ð˜ÐœÐž Ð¿Ñ€."]
[Date "2018.11.20"]
[Round "4.7"]
[White "Ivanova, Maria"]
[Black "Panina, Sofya"]
[Result "1/2-1/2"]
[WhiteElo "1498"]
[BlackElo "1354"]
[PlyCount "80"]
[EventDate "2018.11.18"]

1. e4 e5 2. Nf3 Nc6 3. d4 d6 4. Bb5 exd4 5. Nxd4 Bd7 6. Bxc6 Bxc6 7. Nxc6 bxc6
8. Nc3 g6 9. O-O Bg7 10. Ne2 Nf6 11. Ng3 O-O 12. c3 Re8 13. Re1 Nd7 14. Qc2 d5
15. Bd2 Nc5 16. exd5 cxd5 17. Be3 Ne6 18. Rad1 c5 19. Qc1 d4 20. Bh6 Qb6 21.
Bxg7 Kxg7 22. Rd2 Red8 23. Red1 Kg8 24. Ne2 dxc3 25. Nxc3 Rd4 26. b3 Rad8 27.
Ne2 Rxd2 28. Rxd2 Rxd2 29. Qxd2 Qb4 30. Qc3 Qe4 31. Kf1 Nd4 32. Qe1 Qd3 33. f3
Nc2 34. Qc1 Nd4 35. Qe1 h5 36. Kf2 Qc2 37. Kf1 Qd3 38. Kf2 Qc2 39. Kf1 Qd3 40.
Kf2 Qc2 1/2-1/2

[Event "Ïåðâåíñòâî Ìîñêâû"]
[Site "ÐœÐ¾Ñ�ÐºÐ²Ð°, ÐœÐ“Ð˜ÐœÐž Ð¿Ñ€."]
[Date "2018.11.20"]
[Round "4.8"]
[White "Andryushkevich, Ekaterina"]
[Black "Bezenkina, Ekaterina"]
[Result "0-1"]
[WhiteElo "1323"]
[BlackElo "1311"]
[PlyCount "72"]
[EventDate "2018.11.18"]

1. e4 c5 2. Nf3 g6 3. Nc3 Bg7 4. g3 Nc6 5. Bg2 Nf6 6. d4 cxd4 7. Nxd4 O-O 8.
O-O d6 9. Nf3 Be6 10. Nd5 Nxe4 11. Nf4 Bc4 12. Nd3 Nc5 13. Nxc5 Bxf1 14. Nxb7
Qc7 15. Qxf1 Qxb7 16. c3 Qd7 17. Be3 Rab8 18. Rb1 d5 19. Qd1 Rfd8 20. Nd4 Nxd4
21. Bxd4 e5 22. Be3 a5 23. Qd2 a4 24. Qd1 Qc6 25. Qe1 e4 26. Bd4 Bxd4 27. cxd4
Qc2 28. b4 axb3 29. axb3 Rxb3 30. Rxb3 Qxb3 31. Bf1 Qb2 32. Qe3 Ra8 33. Kg2 Ra3
34. Qg5 e3 35. Qxd5 Qxf2+ 36. Kh3 Qxf1+ 0-1

[Event "Ïåðâåíñòâî Ìîñêâû"]
[Site "ÐœÐ¾Ñ�ÐºÐ²Ð°, ÐœÐ“Ð˜ÐœÐž Ð¿Ñ€."]
[Date "2018.11.20"]
[Round "4.9"]
[White "Bystrova, Anna"]
[Black "Obukhova, Yana"]
[Result "1/2-1/2"]
[WhiteElo "1329"]
[BlackElo "1388"]
[PlyCount "80"]
[EventDate "2018.11.18"]

1. e4 e5 2. Nf3 Nc6 3. Bc4 Bc5 4. d3 Nf6 5. Bg5 h6 6. Bh4 g5 7. Bg3 d6 8. h3
Bd7 9. Nc3 Na5 10. Bb3 Qe7 11. a3 Nxb3 12. cxb3 a6 13. Qe2 O-O-O 14. Nd2 c6 15.
O-O-O Nh7 16. f3 f5 17. Bf2 Bxf2 18. Qxf2 Kb8 19. Nc4 Be6 20. Kb1 Nf6 21. Ka1
Qc7 22. Rhf1 Nd7 23. Qc2 Nb6 24. Rd2 d5 25. exd5 cxd5 26. Nxb6 Qxb6 27. Na4 Qb5
28. b4 e4 29. Nc3 Qc6 30. dxe4 dxe4 31. Rxd8+ Rxd8 32. fxe4 fxe4 33. Qxe4 Qxe4
34. Nxe4 Bd5 35. Rd1 Kc8 36. Rc1+ Kb8 37. Rd1 Kc8 38. Rc1+ Kb8 39. Rd1 Kc8 40.
Rc1+ Kb8 1/2-1/2

[Event "Ïåðâåíñòâî Ìîñêâû"]
[Site "ÐœÐ¾Ñ�ÐºÐ²Ð°, ÐœÐ“Ð˜ÐœÐž Ð¿Ñ€."]
[Date "2018.11.21"]
[Round "5.1"]
[White "Efendieva, Alina"]
[Black "Zaitseva, Lyudmila"]
[Result "1/2-1/2"]
[WhiteElo "1787"]
[BlackElo "1981"]
[PlyCount "91"]
[EventDate "2018.11.18"]

1. d4 Nf6 2. c4 g6 3. Nc3 Bg7 4. e4 O-O 5. Be2 d6 6. f4 c5 7. d5 e6 8. Nf3 exd5
9. cxd5 Re8 10. e5 dxe5 11. fxe5 Ng4 12. e6 fxe6 13. Bg5 Qb6 14. Qd2 Nd7 15. h3
Nge5 16. O-O-O Nxf3 17. gxf3 Qb4 18. dxe6 Nb6 19. Nb5 Bxe6 20. Nc7 Qa4 21. Nxe8
Rxe8 22. a3 Qb3 23. Qc2 Qa2 24. Qb1 Qb3 25. Qc2 h6 26. Qxb3 Bxb3 27. Bb5 Re6
28. Rd8+ Kf7 29. Bd2 a6 30. Bd3 c4 31. Bc2 Na4 32. Rd7+ Kg8 33. Bxb3 cxb3 34.
Rxb7 Bxb2+ 35. Kb1 Re2 36. Re1 Rxe1+ 37. Bxe1 Bxa3 38. Rxb3 Be7 39. Rb8+ Kf7
40. Ra8 Nc5 41. Bd2 g5 42. f4 Ne4 43. Bc1 Nf2 44. fxg5 hxg5 45. Rxa6 Nxh3 46.
Bxg5 1/2-1/2

[Event "Ïåðâåíñòâî Ìîñêâû"]
[Site "ÐœÐ¾Ñ�ÐºÐ²Ð°, ÐœÐ“Ð˜ÐœÐž Ð¿Ñ€."]
[Date "2018.11.21"]
[Round "5.2"]
[White "Khachatryan, Marieta"]
[Black "Strukova, Ksenia"]
[Result "0-1"]
[WhiteElo "1845"]
[BlackElo "2013"]
[PlyCount "92"]
[EventDate "2018.11.18"]

1. e4 c5 2. Nf3 e6 3. c3 Nf6 4. e5 Nd5 5. d4 cxd4 6. cxd4 d6 7. exd6 Bxd6 8.
Be2 O-O 9. O-O Nd7 10. Nc3 Nxc3 11. bxc3 Qc7 12. Qc2 b6 13. Ng5 Nf6 14. Bf3 Bb7
15. h3 h6 16. Bxb7 Qxb7 17. Nf3 Rac8 18. a4 Rc7 19. Bb2 Rfc8 20. Qd3 Nd5 21.
Rfc1 Bf4 22. Nd2 Bxd2 23. Qxd2 Rc4 24. Ra3 Qa6 25. Qd1 Qa5 26. Qb3 Nf4 27. Qd1
Qd5 28. f3 Qg5 29. Rc2 Nxh3+ 30. Kf1 Nf4 31. Bc1 Qh4 32. Bxf4 Qxf4 33. Qd3 Qd6
34. Rca2 Qd5 35. Rb2 Qc6 36. Rb5 Qd6 37. Rbb3 e5 38. a5 b5 39. Ra1 a6 40. Rd1
exd4 41. cxd4 Qd5 42. Qe3 Rc2 43. Rb4 Qd6 44. Rb3 Qg3 45. Rd2 Rc1+ 46. Ke2 Re1+
0-1

[Event "Ïåðâåíñòâî Ìîñêâû"]
[Site "ÐœÐ¾Ñ�ÐºÐ²Ð°, ÐœÐ“Ð˜ÐœÐž Ð¿Ñ€."]
[Date "2018.11.21"]
[Round "5.3"]
[White "Komarova, Viktoria"]
[Black "Ilyina, Lada"]
[Result "0-1"]
[WhiteElo "1424"]
[BlackElo "2036"]
[PlyCount "81"]
[EventDate "2018.11.18"]

1. d4 d6 2. c4 Nd7 3. Nc3 e5 4. e3 g6 5. Nf3 Bg7 6. Be2 Ne7 7. O-O O-O 8. dxe5
dxe5 9. Nd5 c6 10. Nc3 Qc7 11. Qc2 a5 12. Rd1 Nc5 13. b3 Bf5 14. e4 Bg4 15. Ba3
Qb6 16. Na4 Nxa4 17. Bxe7 Rfe8 18. Bd6 Nc5 19. Bxc5 Qxc5 20. Ne1 Bxe2 21. Qxe2
Rad8 22. Nc2 f5 23. Rxd8 Rxd8 24. Rd1 Rxd1+ 25. Qxd1 fxe4 26. Qd8+ Bf8 27. Qd7
Qd6 28. Qxd6 Bxd6 29. Ne3 Kf7 30. Kf1 Bc5 31. Ke2 Ke6 32. Nf1 Kf5 33. Ne3+ Kg5
34. h3 h5 35. Nd1 Bd4 36. Ne3 Kf6 37. Nf1 h4 38. Ne3 Ke6 39. Ng4 b5 40. cxb5
cxb5 41. Kd2 {çàïèñü íå ÿñíà} 0-1

[Event "Ïåðâåíñòâî Ìîñêâû"]
[Site "ÐœÐ¾Ñ�ÐºÐ²Ð°, ÐœÐ“Ð˜ÐœÐž Ð¿Ñ€."]
[Date "2018.11.21"]
[Round "5.4"]
[White "Khachatryan, Nadezhda"]
[Black "Granovskaya, Ekaterina"]
[Result "0-1"]
[WhiteElo "1706"]
[BlackElo "1759"]
[PlyCount "128"]
[EventDate "2018.11.18"]

1. e4 e5 2. Nf3 Nc6 3. Nc3 g6 4. d4 exd4 5. Nxd4 Bg7 6. Be3 Nf6 7. Qd2 O-O 8.
O-O-O Re8 9. f3 d5 10. exd5 Nxd5 11. Bg5 f6 12. Bc4 Nxd4 13. Bxd5+ Kh8 14. Qxd4
fxg5 15. Qc4 Qf6 16. Qxc7 Be6 17. Bxe6 Rxe6 18. Qxb7 Qf4+ 19. Kb1 Rb8 20. Qxa7
Bxc3 21. b3 Rbe8 22. Qf2 Qb4 23. Qa7 R6e7 24. Qa6 Bg7 25. Qd3 Re3 26. Qd2 Qa3
27. Qc1 Qe7 28. a4 Qb4 29. Ka2 Re2 30. Rd3 Rc8 31. Kb1 Qc5 32. Rhd1 Qe7 33.
R1d2 Re1 34. Rd1 Re6 35. Qd2 Re8 36. Qc1 Qf6 37. c3 Rb6 38. Qc2 Qe6 39. Ka2 Ra6
40. Kb2 Qb6 41. Ka2 Qc7 42. Qd2 Bf6 43. Qc2 Rc6 44. Kb2 Rb8 45. Rc1 Rcb6 46.
Ka2 Rxb3 47. Qxb3 Rxb3 48. Kxb3 Qb6+ 49. Kc2 Qf2+ 50. Rd2 Qe3 51. Rd3 Qe2+ 52.
Rd2 Qc4 53. Rd3 Qxa4+ 54. Kd2 Qf4+ 55. Kc2 Qxh2 56. Rd2 Qe5 57. Kd1 g4 58. Rcc2
gxf3 59. gxf3 Qe3 60. Rf2 Bh4 61. Rfe2 Qxf3 62. c4 Bg5 63. Ra2 Qf1+ 64. Kc2
Qxe2+ 0-1

[Event "Ïåðâåíñòâî Ìîñêâû"]
[Site "ÐœÐ¾Ñ�ÐºÐ²Ð°, ÐœÐ“Ð˜ÐœÐž Ð¿Ñ€."]
[Date "2018.11.21"]
[Round "5.5"]
[White "Kokueva, Alisa"]
[Black "Girshgorn, Maria"]
[Result "1-0"]
[WhiteElo "1717"]
[BlackElo "1949"]
[PlyCount "55"]
[EventDate "2018.11.18"]

1. e4 c6 2. d4 d5 3. Nc3 dxe4 4. Nxe4 Nf6 5. Nxf6+ exf6 6. c3 Bd6 7. Bd3 O-O 8.
Qc2 h6 9. Ne2 Qc7 10. Ng3 Be6 11. O-O Nd7 12. f4 b5 13. b3 Nb6 14. Ne4 c5 15.
f5 Bxh2+ 16. Kh1 Bd5 17. Bxh6 Bxe4 18. Bxe4 gxh6 19. dxc5 Nd7 20. Bxa8 Rxa8 21.
g3 Bxg3 22. Qg2 Re8 23. Rf3 Qxc5 24. Rxg3+ Kh8 25. Rg1 Qc8 26. Qd2 Qa8+ 27. Kh2
Kh7 28. Rg7+ 1-0

[Event "Ïåðâåíñòâî Ìîñêâû"]
[Site "ÐœÐ¾Ñ�ÐºÐ²Ð°, ÐœÐ“Ð˜ÐœÐž Ð¿Ñ€."]
[Date "2018.11.21"]
[Round "5.6"]
[White "Bezenkina, Ekaterina"]
[Black "Ivanova, Maria"]
[Result "0-1"]
[WhiteElo "1311"]
[BlackElo "1498"]
[PlyCount "134"]
[EventDate "2018.11.18"]

1. e4 c5 2. c3 Nf6 3. e5 Nd5 4. d4 cxd4 5. cxd4 d6 6. Bc4 e6 7. Nf3 Nc6 8. O-O
Be7 9. Nbd2 O-O 10. Ne4 Qc7 11. exd6 Bxd6 12. Nxd6 Qxd6 13. Re1 a6 14. Qd3 Ndb4
15. Qe4 Na5 16. Ng5 g6 17. Bd3 Nxd3 18. Qxd3 Rd8 19. Qh3 h5 20. Be3 Qd5 21. Qh4
Nc4 22. Ne4 Qa5 23. Bh6 Kh7 24. Qf4 Qf5 25. Ng5+ Kg8 26. Qxf5 gxf5 27. Nf3 Nxb2
28. Rab1 Nc4 29. Rec1 b5 30. a4 Bd7 31. axb5 Bxb5 32. Rb3 Rac8 33. h3 Na5 34.
Rbc3 Rxc3 35. Rxc3 Nc4 36. Bg5 Rd5 37. Bf6 Kh7 38. Ne5 Nxe5 39. Bxe5 Bd7 40.
Ra3 a5 41. Kf1 a4 42. Ke2 Rb5 43. Ke3 Kg6 44. h4 f6 45. Bd6 Kf7 46. Rc3 Rb6 47.
Bc5 Rb1 48. g3 Rb2 49. Bd6 Rb6 50. Bc5 Rb2 51. Bd6 Rb6 52. Bc5 Rb2 53. Bd6 Ke8
54. Bc5 Rb7 55. Bd6 Rb6 56. Bc5 Ra6 57. Kf4 Bc6 58. Bd6 Bd5 59. Bc5 Kd7 60. Bf8
Bb3 61. f3 a3 62. Rc1 a2 63. Ra1 Bd5 64. Bc5 Ra8 65. Bb4 Rb8 66. Bc3 Rb3 67.
Bd2 Rxf3# 0-1

[Event "Ïåðâåíñòâî Ìîñêâû"]
[Site "ÐœÐ¾Ñ�ÐºÐ²Ð°, ÐœÐ“Ð˜ÐœÐž Ð¿Ñ€."]
[Date "2018.11.21"]
[Round "5.7"]
[White "Panina, Sofya"]
[Black "Andryushkevich, Ekaterina"]
[Result "1-0"]
[WhiteElo "1354"]
[BlackElo "1323"]
[PlyCount "72"]
[EventDate "2018.11.18"]

1. d4 Nf6 2. c4 e6 3. Nc3 Bb4 4. a3 Bxc3+ 5. bxc3 d5 6. e3 O-O 7. Nf3 b6 8.
cxd5 exd5 9. c4 Bb7 10. Bb2 Nbd7 11. Be2 c5 12. O-O Rc8 13. Rc1 Ne4 14. Nd2
Ndf6 15. Nxe4 Nxe4 16. f3 Nf6 17. dxc5 Rxc5 18. cxd5 Rxd5 19. Bxf6 Qxf6 20. Qb3
Rd2 21. Bc4 Qg5 22. Rf2 Rxf2 23. Kxf2 Rd8 24. Rd1 Rxd1 25. Qxd1 h6 26. Qd6 Qh4+
27. Qg3 Qxc4 28. Qb8+ Bc8 29. Qxa7 b5 30. Qa5 Kh7 31. Qa8 Be6 32. Qa7 Qh4+ 33.
Ke2 Bc4+ 34. Kd1 Qf2 35. Qa5 Bb3+ 36. Kc1 Qc2# 1-0

[Event "Ïåðâåíñòâî Ìîñêâû"]
[Site "ÐœÐ¾Ñ�ÐºÐ²Ð°, ÐœÐ“Ð˜ÐœÐž Ð¿Ñ€."]
[Date "2018.11.21"]
[Round "5.8"]
[White "Obukhova, Yana"]
[Black "Ivanova, Anastasia S"]
[Result "0-1"]
[WhiteElo "1388"]
[BlackElo "1696"]
[PlyCount "51"]
[EventDate "2018.11.18"]

1. e4 c5 2. Nf3 d6 3. Bb5+ Bd7 4. a4 g6 5. d4 cxd4 6. Nxd4 Bg7 7. Nc3 Nf6 8.
Bxd7+ Qxd7 9. O-O O-O 10. Re1 Nc6 11. Nde2 Rfd8 12. Ng3 Rac8 13. Nd5 Nxd5 14.
exd5 Ne5 15. c3 Ng4 16. Bg5 Nf6 17. Ne4 Nxe4 18. Rxe4 Qf5 19. Qg4 Qxg4 20. Rxg4
f6 21. Be3 h6 22. Re1 Rd7 23. Re4 f5 24. Re6 Bf6 25. g3 Rc4 26. Ra1 {
çàïèñü íå ÿñíà} 0-1

[Event "Ïåðâåíñòâî Ìîñêâû"]
[Site "ÐœÐ¾Ñ�ÐºÐ²Ð°, ÐœÐ“Ð˜ÐœÐž Ð¿Ñ€."]
[Date "2018.11.21"]
[Round "5.9"]
[White "Nur-Mukhametova, Alisa"]
[Black "Bystrova, Anna"]
[Result "1-0"]
[WhiteElo "2017"]
[BlackElo "1329"]
[PlyCount "89"]
[EventDate "2018.11.18"]

1. e4 e5 2. Nf3 Nc6 3. Bb5 a6 4. Ba4 Bc5 5. O-O d6 6. c3 Bg4 7. h3 Bh5 8. d3 h6
9. Re1 Nge7 10. Nbd2 b5 11. Bb3 O-O 12. Nf1 Na5 13. Bc2 Nac6 14. Ng3 Bxf3 15.
Qxf3 Ng6 16. Nf5 Nh4 17. Qg4 Nxf5 18. exf5 Qf6 19. Qe4 d5 20. Qxd5 Qd6 21. Qe4
Qf6 22. Be3 Bxe3 23. Rxe3 Rad8 24. b4 Kh8 25. a4 Rfe8 26. axb5 axb5 27. Bb3 Kg8
28. Ra6 Rd6 29. d4 Kf8 30. f4 Nd8 31. Rxd6 cxd6 32. fxe5 dxe5 33. dxe5 Qb6 34.
Kh2 Qc7 35. g3 Nc6 36. e6 f6 37. Qd5 Ne7 38. Qxb5 Qa7 39. Re2 Qa3 40. Bc2 Qxc3
41. Qd3 Qxb4 42. Qf3 Ng8 43. Qh5 Qe7 44. Rd2 Qa7 45. Ba4 1-0

[Event "Ïåðâåíñòâî Ìîñêâû "]
[Site "ÐœÐ¾Ñ�ÐºÐ²Ð°, ÐœÐ“Ð˜ÐœÐž Ð¿Ñ€."]
[Date "2018.11.22"]
[Round "6.1"]
[White "Granovskaya, Ekaterina"]
[Black "Efendieva, Alina"]
[Result "0-1"]
[WhiteElo "1759"]
[BlackElo "1787"]
[PlyCount "99"]
[EventDate "2018.11.18"]

1. e4 c5 2. Nf3 d6 3. d4 cxd4 4. Qxd4 Nc6 5. Bb5 Bd7 6. Bxc6 Bxc6 7. Nc3 Nf6 8.
h3 g6 9. Be3 Bg7 10. Qd3 Qc7 11. Nd4 Bd7 12. O-O-O a6 13. g4 b5 14. g5 Nh5 15.
Nd5 Qd8 16. Nb3 Rb8 17. Ba7 Rb7 18. Qe3 e6 19. Bb6 Qb8 20. Na5 exd5 21. Nxb7
Qxb7 22. exd5+ Be5 23. Bd4 Qxd5 24. Rhe1 Be6 25. Bxe5 Qxe5 26. Qxe5 dxe5 27.
Rxe5 O-O 28. Rd6 Ra8 29. h4 Ng7 30. Rd4 Rc8 31. b3 Bf5 32. Rd2 Ne6 33. Kb2 Nf4
34. f3 Kg7 35. Re7 b4 36. Re3 Rc5 37. c4 bxc3+ 38. Rxc3 Re5 39. Ka3 Ra5+ 40.
Kb2 Nd5 41. Rc4 Be6 42. Rcd4 Ne3 43. Re4 Nf5 44. a4 Rc5 45. b4 Rc6 46. Re5 Nd6
47. Rc5 Nc4+ 48. Kc3 Rxc5 49. bxc5 Nxd2 50. Kxd2 0-1

[Event "Ïåðâåíñòâî Ìîñêâû "]
[Site "ÐœÐ¾Ñ�ÐºÐ²Ð°, ÐœÐ“Ð˜ÐœÐž Ð¿Ñ€."]
[Date "2018.11.22"]
[Round "6.2"]
[White "Strukova, Ksenia"]
[Black "Zaitseva, Lyudmila"]
[Result "1-0"]
[WhiteElo "2013"]
[BlackElo "1981"]
[PlyCount "140"]
[EventDate "2018.11.18"]

1. e4 e6 2. d4 d5 3. Nc3 Bb4 4. e5 c5 5. a3 Bxc3+ 6. bxc3 Qa5 7. Bd2 Qa4 8. h4
Nc6 9. h5 h6 10. Nf3 Bd7 11. Rh4 c4 12. Rf4 f5 13. exf6 gxf6 14. Nh4 O-O-O 15.
g3 Kb8 16. Bg2 Rh7 17. Ng6 Nce7 18. Rh4 Nxg6 19. hxg6 Rg7 20. Bxh6 Nxh6 21.
Rxh6 Be8 22. Rh8 Qa5 23. Kd2 Bxg6 24. Rxd8+ Qxd8 25. Qg4 Qe7 26. Qe2 Bf5 27.
Qe3 Rh7 28. Bxd5 Qc7 29. Be4 Bxe4 30. Qxe4 Rh2 31. Qf3 Qg7 32. Re1 Qh6+ 33. Ke2
b6 34. a4 Kc7 35. Rb1 Qg6 36. Rb2 Qh5 37. Qxh5 Rxh5 38. Rb4 Ra5 39. Rxc4+ Kd6
40. Rb4 Kc6 41. c4 Kd6 42. Ke3 Kc7 43. Ke4 Kd6 44. c3 Kc6 45. f4 Kd6 46. Kf3 f5
47. g4 fxg4+ 48. Kxg4 Kc6 49. Kf3 Kd6 50. Ke4 Kc6 51. d5+ Kd6 52. f5 exf5+ 53.
Kxf5 Rc5 54. Ke4 Rc8 55. Kd4 Rh8 56. Rb5 Rh4+ 57. Kd3 Rh3+ 58. Kc2 Rh2+ 59. Kb3
Rh1 60. a5 bxa5 61. Rxa5 Rb1+ 62. Kc2 Rb7 63. Ra6+ Ke5 64. Re6+ Kf5 65. Kd3 Rh7
66. Kd4 Rh4+ 67. Kc5 Rh7 68. Kb5 Rd7 69. Kc6 Rh7 70. Re1 Rh3 1-0

[Event "Ïåðâåíñòâî Ìîñêâû "]
[Site "ÐœÐ¾Ñ�ÐºÐ²Ð°, ÐœÐ“Ð˜ÐœÐž Ð¿Ñ€."]
[Date "2018.11.22"]
[Round "6.3"]
[White "Ilyina, Lada"]
[Black "Khachatryan, Marieta"]
[Result "1-0"]
[WhiteElo "2036"]
[BlackElo "1845"]
[PlyCount "81"]
[EventDate "2018.11.18"]

1. e4 c6 2. Nc3 d5 3. Qe2 d4 4. Nd1 e5 5. g3 c5 6. d3 Nc6 7. Bg2 Qc7 8. f4 f6
9. Nf3 Bg4 10. Nf2 Bxf3 11. Bxf3 O-O-O 12. Bg4+ Kb8 13. Be6 Bd6 14. f5 Nge7 15.
a3 Rdf8 16. Bd2 Nd8 17. Ba2 Qd7 18. g4 g5 19. h4 h6 20. O-O-O Qe8 21. Rh3 Nf7
22. Rdh1 Nc6 23. hxg5 fxg5 24. Bxf7 Qxf7 25. Rxh6 Rxh6 26. Rxh6 Be7 27. Kb1 Rg8
28. Qf3 Qf8 29. Qh3 Bf6 30. Qh5 Bg7 31. Rh7 Bf6 32. Nh3 Nd8 33. Bxg5 Bxg5 34.
Nxg5 c4 35. Nf3 c3 36. Nxe5 Qd6 37. f6 cxb2 38. Nd7+ Ka8 39. Qd5 Qe5 40. Nxe5
a6 41. f7 1-0

[Event "Ïåðâåíñòâî Ìîñêâû "]
[Site "ÐœÐ¾Ñ�ÐºÐ²Ð°, ÐœÐ“Ð˜ÐœÐž Ð¿Ñ€."]
[Date "2018.11.22"]
[Round "6.4"]
[White "Ivanova, Anastasia S"]
[Black "Kokueva, Alisa"]
[Result "1-0"]
[WhiteElo "1696"]
[BlackElo "1717"]
[PlyCount "81"]
[EventDate "2018.11.18"]

1. d4 d5 2. c4 e6 3. Nf3 Nf6 4. Nc3 Be7 5. Bf4 O-O 6. e3 c5 7. Bd3 Nc6 8. cxd5
Nxd5 9. Nxd5 exd5 10. dxc5 Nb4 11. a3 Nxd3+ 12. Qxd3 Bxc5 13. Rc1 Be7 14. Bc7
Qd7 15. O-O Qf5 16. Qb5 a6 17. Qb6 a5 18. Rfd1 Ra6 19. Qb5 Rg6 20. Qxd5 Qg4 21.
Ne5 Be6 22. Nxg4 Bxd5 23. Rxd5 Rxg4 24. Bxa5 Rg5 25. Rxg5 Bxg5 26. Rc5 Bf6 27.
Rb5 Rc8 28. g3 h5 29. Rxb7 Rc1+ 30. Kg2 Rb1 31. b3 h4 32. gxh4 Bxh4 33. Bc7 Bf6
34. a4 Bc3 35. a5 Ra1 36. b4 Ra2 37. Bg3 Rb2 38. a6 Ra2 39. a7 Kh7 40. b5 Bb2
41. b6 1-0

[Event "Ïåðâåíñòâî Ìîñêâû "]
[Site "ÐœÐ¾Ñ�ÐºÐ²Ð°, ÐœÐ“Ð˜ÐœÐž Ð¿Ñ€."]
[Date "2018.11.22"]
[Round "6.5"]
[White "Ivanova, Maria"]
[Black "Khachatryan, Nadezhda"]
[Result "1/2-1/2"]
[WhiteElo "1498"]
[BlackElo "1706"]
[PlyCount "111"]
[EventDate "2018.11.18"]

1. e4 c6 2. Nf3 d5 3. Nc3 Bg4 4. h3 Bxf3 5. Qxf3 Nf6 6. d3 e6 7. Bd2 Nbd7 8.
Qd1 Bb4 9. exd5 cxd5 10. a3 Bc5 11. Na4 Bd6 12. d4 O-O 13. Bd3 e5 14. dxe5 Nxe5
15. Be2 Qd7 16. Nc3 d4 17. Na2 Rac8 18. O-O Qc7 19. Rc1 a5 20. Re1 h6 21. Bf4
Rfd8 22. Bxe5 Bxe5 23. Bd3 Nd5 24. Rb1 Bf6 25. Nc1 Nf4 26. Bf5 Rb8 27. Ne2 Rd5
28. Be4 Rg5 29. Nxf4 Qxf4 30. Qf3 Qxf3 31. Bxf3 Rc5 32. Be4 b5 33. Bd3 g5 34.
Re4 b4 35. axb4 Rxb4 36. Re8+ Kg7 37. Ra8 Be5 38. b3 Rb7 39. Ra1 Bc7 40. Ra4
Rb4 41. Ra1 Re5 42. Kf1 Rb7 43. Re1 Rxe1+ 44. Kxe1 Bd6 45. Kf1 Bb4 46. Rd8 Re7
47. g3 Bc3 48. Kg2 Ra7 49. Bb5 Rb7 50. Bc4 Re7 51. Kf3 Rc7 52. Bd3 Rc6 53. Rd7
Rf6+ 54. Kg2 Rb6 55. Bc4 Rf6 56. Kf1 1/2-1/2